MARC details
| 000 -LEADER |
| fixed length control field |
01534cam a22003615a 4500 |
| 001 - CONTROL NUMBER |
| control field |
17566695 |
| 005 - DATE AND TIME OF LATEST TRANSACTION |
| control field |
20150727124157.0 |
| 008 - FIXED-LENGTH DATA ELEMENTS--GENERAL INFORMATION |
| fixed length control field |
121218t2013 gw a frb 100 0 eng d |
| 020 ## - INTERNATIONAL STANDARD BOOK NUMBER |
| International Standard Book Number |
9783642351662 (alk. paper) |
| 020 ## - INTERNATIONAL STANDARD BOOK NUMBER |
| International Standard Book Number |
3642351662 (alk. paper) |
| 020 ## - INTERNATIONAL STANDARD BOOK NUMBER |
| Cancelled/invalid ISBN |
9783642351679 (ebk.) |
| 040 ## - CATALOGING SOURCE |
| Original cataloging agency |
YDXCP |
| Language of cataloging |
eng |
| Transcribing agency |
YDXCP |
| Modifying agency |
BTCTA |
| -- |
OCLCQ |
| -- |
BWX |
| -- |
UMR |
| -- |
OCLCF |
| -- |
OCLCQ |
| -- |
OCLCO |
| -- |
DLC |
| -- |
EG-ScBUE |
| 082 04 - DEWEY DECIMAL CLASSIFICATION NUMBER |
| Classification number |
620.11 |
| Item number |
ADV |
| Edition number |
22 |
| 245 00 - TITLE STATEMENT |
| Title |
Advanced materials modeling for structures / |
| Statement of responsibility, etc |
editors Holm Altenbach, Serge Kruch. |
| 260 ## - PUBLICATION, DISTRIBUTION, ETC. (IMPRINT) |
| Place of publication, distribution, etc |
Heidelberg ; |
| -- |
New York : |
| Name of publisher, distributor, etc |
Springer, |
| Date of publication, distribution, etc |
c.2013. |
| 300 ## - PHYSICAL DESCRIPTION |
| Extent |
xxii, 361 p. : |
| Other physical details |
ill. ; |
| Dimensions |
24 cm. |
| 490 0# - SERIES STATEMENT |
| Series statement |
Advanced Structured materials ; |
| Volume number/sequential designation |
v. 19 |
| 500 ## - GENERAL NOTE |
| General note |
Papers from the IUTAM syposium "Advanced Materials Modelling for Structures", held in Paris in April 23-27, 2012. |
| 504 ## - BIBLIOGRAPHY, ETC. NOTE |
| Bibliography, etc |
Includes bibliographical references. |
| 650 #0 - SUBJECT ADDED ENTRY--TOPICAL TERM |
| Topical term or geographic name as entry element |
Materials at high temperatures |
| Form subdivision |
Congresses. |
| Source of heading or term |
BUEsh |
| 650 #0 - SUBJECT ADDED ENTRY--TOPICAL TERM |
| Topical term or geographic name as entry element |
Building materials |
| Form subdivision |
Congresses. |
| Source of heading or term |
BUEsh |
| 650 #0 - SUBJECT ADDED ENTRY--TOPICAL TERM |
| Topical term or geographic name as entry element |
Materials |
| General subdivision |
Mechanical properties |
| Form subdivision |
Congresses. |
| Source of heading or term |
BUEsh |
| 650 #7 - SUBJECT ADDED ENTRY--TOPICAL TERM |
| Topical term or geographic name as entry element |
Building materials. |
| Source of heading or term |
fast |
| 650 #7 - SUBJECT ADDED ENTRY--TOPICAL TERM |
| Topical term or geographic name as entry element |
Materials at high temperatures. |
| Source of heading or term |
fast |
| 9 (RLIN) |
16973 |
| 650 #7 - SUBJECT ADDED ENTRY--TOPICAL TERM |
| Topical term or geographic name as entry element |
Materials |
| General subdivision |
Mechanical properties. |
| Source of heading or term |
fast |
| 651 ## - SUBJECT ADDED ENTRY--GEOGRAPHIC NAME |
| Source of heading or term |
BUEsh |
| 653 ## - INDEX TERM--UNCONTROLLED |
| Resource For college |
Engineering, General |
| Arrived date list |
June2015 |
| -- |
July2015 |
| 655 #7 - INDEX TERM--GENRE/FORM |
| Genre/form data or focus term |
Conference proceedings. |
| Source of term |
fast |
| Form subdivision |
|
| 700 1# - ADDED ENTRY--PERSONAL NAME |
| Personal name |
Altenbach, Holm, |
| Dates associated with a name |
1956- |
| Relator term |
editor. |
| 9 (RLIN) |
37915 |
| 700 1# - ADDED ENTRY--PERSONAL NAME |
| Personal name |
Kruch, Serge, |
| Relator term |
editor. |
| 710 2# - ADDED ENTRY--CORPORATE NAME |
| Corporate name or jurisdiction name as entry element |
International Union of Theoretical and Applied Mechanics. |
| 9 (RLIN) |
18467 |
| 942 ## - ADDED ENTRY ELEMENTS (KOHA) |
| Source of classification or shelving scheme |
Dewey Decimal Classification |
| Call number prefix |
620.11 ADV |